LEADER 01054nam0-22003251i-450- 001 990007849690403321 005 20070503115819.0 035 $a000784969 035 $aFED01000784969 035 $a(Aleph)000784969FED01 035 $a000784969 100 $a20040114d1971----km-y0itay50------ba 101 0 $aita 102 $aIT 105 $ay----n--001yy 200 1 $aIntorno alle proposizioni fisheriane sul concetto di reddito$eil teorema della doppia tassazione del risparmio come una questione di definizione del reddito 210 $aMilano$cGiuffrè$d1971 215 $a122 p.$d24 cm 300 $aIn testa al front.: Università degli studi di Roma, Facoltà di scienze politiche 676 $a343.04$v11$zita 700 1$aLuciani,$bNino$0112733 801 0$aIT$bUNINA$gRICA$2UNIMARC 901 $aBK 912 $a990007849690403321 952 $aH 698$b1016$fDSS 952 $aH2.512$b6129$fDECTS 959 $aDSS 959 $aDECTS 996 $aIntorno alle proposizioni fisheriane sul concetto di reddito$9671387 997 $aUNINA LEADER 01085nam--2200385---450- 001 990001913570203316 005 20060428120605.0 035 $a000191357 035 $aUSA01000191357 035 $a(ALEPH)000191357USA01 035 $a000191357 100 $a20040806d1980----km-y0itay0103----ba 101 $aita 102 $aIT 105 $aa|||||||001yy 200 1 $aProgetti per una città$fluciano Semerani 210 $aMilano$cF. Angeli$d1980 215 $a219 p.$cill.$d22 cm 225 2 $aCollana di architettura 410 0$12001$aCollana di architettura 454 1$12001 461 1$1001-------$12001 606 0 $aCittà$xSociologia 606 0 $aCittà$xUrbanistica 676 $a711.45 700 1$aSEMERANI,$bLuciano$033113 801 0$aIT$bsalbc$gISBD 912 $a990001913570203316 951 $aXII.2.C. 1297(XV B coll 227/14)$b87708 L.M.$cXV B coll 959 $aBK 969 $aUMA 979 $aSIAV6$b10$c20040806$lUSA01$h1052 979 $aCOPAT5$b90$c20060428$lUSA01$h1206 996 $aProgetti per una città$9296491 997 $aUNISA LEADER 04429nam 2200769 a 450 001 9910965383503321 005 20230912141933.0 010 $a9781118722435 010 $a1118722434 010 $a9781118391389 010 $a1118391381 010 $a9781283851534 010 $a1283851539 010 $a9781118391402 010 $a1118391403 035 $a(CKB)2670000000308395 035 $a(EBL)1077239 035 $a(OCoLC)821177680 035 $a(SSID)ssj0000791032 035 $a(PQKBManifestationID)12388849 035 $a(PQKBTitleCode)TC0000791032 035 $a(PQKBWorkID)10748414 035 $a(PQKB)11186035 035 $a(Au-PeEL)EBL1077239 035 $a(CaPaEBR)ebr10629602 035 $a(Au-PeEL)EBL4034770 035 $a(CaPaEBR)ebr11110028 035 $a(CaONFJC)MIL416403 035 $a(OCoLC)927508055 035 $a(CaSebORM)9781118391389 035 $a(MiAaPQ)EBC1077239 035 $a(MiAaPQ)EBC4034770 035 $a(OCoLC)828687955 035 $a(OCoLC)ocn828687955 035 $a(Perlego)1001253 035 $a(EXLCZ)992670000000308395 100 $a20120907d2013 uy 0 101 0 $aeng 135 $aur|n|---||||| 181 $ctxt 182 $cc 183 $acr 200 14$aThe essential R reference /$fMark Gardener 205 $a1st edition 210 $aIndianapolis, Ind. $cJ. Wiley & Sons, Inc.$d2013 215 $a1 online resource (578 p.) 300 $aIncludes index. 311 08$a9781118391419 311 08$a1118391411 327 $aThe Essential R Reference; About the Author; Acknowledgments; Contents; Introduction; Theme 1: Data; Data Types; Types of Data; Altering Data Types; Testing Data Types; Creating Data; Creating Data from the Keyboard; Creating Data from the Clipboard; Adding to Existing Data; Importing Data; Importing Data from Text Files; Importing Data from Data Files; Saving Data; Saving Data as a Text File to Disk; Saving Data as a Data File to Disk; Viewing Data; Listing Data; Data Object Properties; Selecting and Sampling Data; Sorting and Rearranging Data; Summarizing Data; Summary Statistics 327 $aSummary TablesDistribution of Data; Density Functions; Probability Functions; Quantile Functions; Random Numbers; Theme 2: Math and Statistics; Mathematical Operations; Math; Logic; Complex Numbers; Trigonometry; Hyperbolic Functions; Matrix Math; Summary Statistics; Simple Summary Stats; Tests of Distribution; Differences Tests; Parametric Tests; Non-parametric; Correlations and Associations; Correlation; Association and Goodness of Fit; Analysis of Variance and Linear Modeling; ANOVA; Linear Modeling; Miscellaneous Methods; Clustering; Ordination; Time Series 327 $aNon-linear Modeling and OptimizationTheme 3: Graphics; Making Graphs; Types of Graphs; Saving Graphs; Adding to Graphs; Adding Data; Adding Lines; Adding Shapes; Adding Text; Adding Legends; Graphical Parameters; Using the par Command; Altering Color; Altering Axis Parameters; Altering Text Parameters; Altering Line (and Box) Parameters; Altering Plot Margins; Altering the Graph Window; Theme 4: Utilities; Install; Installing R; Installing Packages; Using R; Using the Program; Additional Packages; Programming; Managing Functions; Saving and Running Scripts; Conditional Control 327 $aReturning ResultsError Trapping; Constants; Index 330 $a An essential library of basic commands you can copy and paste into R The powerful and open-source statistical programming language R is rapidly growing in popularity, but it requires that you type in commands at the keyboard rather than use a mouse, so you have to learn the language of R. But there is a shortcut, and that's where this unique book comes in. A companion book to Visualize This: The FlowingData Guide to Design, Visualization, and Statistics, this practical reference is a library of basic R commands that you can copy and paste into R to perform many types of stat 606 $aR (Computer program language) 606 $aObject-oriented programming languages 615 0$aR (Computer program language) 615 0$aObject-oriented programming languages. 676 $a005.1 700 $aGardener$b Mark$0517232 801 0$bMiAaPQ 801 1$bMiAaPQ 801 2$bMiAaPQ 906 $aBOOK 912 $a9910965383503321 996 $aThe essential R reference$94358508 997 $aUNINA